000 00786nam a2200265Ia 4500
003 OSt
005 20220926010349.0
006 a|||||r|||| 00| 0
007 ta
008 220923b |||||||| |||| 00| 0 eng d
020 _a9788126542215
_c930.75
037 _b41530, 06/08/2014, Segment Book Distrobutors
_cGeneral Book
040 _aRTL
_cRTL
_beng
041 _2eng
_aeng
082 _aY, M9;Q3
100 _aGiddens Anthony
_920429
245 0 _aSociology
250 _a7th
260 _a New Delhi
_bWiley
_c2013
300 _axi,1182p.
_ccm.
650 _aSociology
700 _a Sutton Philip W
_920665
942 _hY, M9;Q3
_cGB
_2CC
999 _c617066
_d617066